|
|
|
|
| LEADER |
00000cam a2200000 7i4500 |
| 001 |
0000003638 |
| 005 |
20080124.0 |
| 020 |
0 |
0 |
|a 8179100804
|
| 090 |
0 |
0 |
|a 581.6340954
|b MED
|
| 245 |
1 |
0 |
|a Medicinal plants :
|b conservation and utilisation
|c editor, Pravin Chandra Trivedi
|
| 260 |
0 |
0 |
|a Jaipur :
|b Avishkar Publishers, Distributors ,
|c 2004.
|
| 300 |
|
|
|a xv, 431 p. :
|b ill. ;
|c 25 cm.
|
| 500 |
0 |
0 |
|a Includes bibliographical references and index.
|
| 650 |
0 |
0 |
|a Materia medica, Vegetable
|z India
|
| 650 |
0 |
0 |
|a Medicinal plants
|z India
|
| 650 |
0 |
0 |
|a Plant conservation
|z India.
|
| 700 |
1 |
1 |
|a Trivedi, Pravin Chandra
|
| 999 |
|
|
|a 0000007248
|b Monograph
|c Open Shelf
|e Default branch
|